Managing to succeed: fourteenth triennial conference of chartered quantity surveyors (Record no. 90687)

MARC details
000 -LEADER
fixed length control field 01138cam a2200313 4500
001 - CONTROL NUMBER
control field B917
008 - FIXED-LENGTH DATA ELEMENTS--GENERAL INFORMATION
fixed length control field 090401t1987 xxu||||| |||| 00| 0 eng d
035 ## - SYSTEM CONTROL NUMBER
System control number (Sirsi) u38694
041 ## - LANGUAGE CODE
Language code of text/sound track or separate title eng
050 ## - LIBRARY OF CONGRESS CALL NUMBER
Classification number 692.5
090 ## - LOCALLY ASSIGNED LC-TYPE CALL NUMBER (OCLC); LOCAL CALL NUMBER (RLIN)
Classification number (OCLC) (R) ; Classification number, CALL (RLIN) (NR) RICS 1987/24ABC
110 ## - MAIN ENTRY--CORPORATE NAME
Corporate name or jurisdiction name as entry element Royal Institution of Chartered Surveyors
9 (RLIN) 4900
245 ## - TITLE STATEMENT
Title Managing to succeed: fourteenth triennial conference of chartered quantity surveyors
260 ## - PUBLICATION, DISTRIBUTION, ETC.
Place of publication, distribution, etc. London
Name of publisher, distributor, etc. RICS
Date of publication, distribution, etc. 1987
300 ## - PHYSICAL DESCRIPTION
Extent 9 papers
350 ## - PRICE (NR) (BK AM CF MU VM SE) [OBSOLETE]
Price 0
520 ## - SUMMARY, ETC.
Summary, etc. Quantity Surveyors Division. Papers by: Bucknall, D.J. , Davidson, R.W. ; Fraser, D.D. ; Hawes, J.F. ; Horsepool, P. ; Manzie, Gordon ; Mobbs, Nigel ; Southgate, A.C. and White, P.D. Please note that either the full set of papers can be borrowed or just single papers (from the C copy).
650 ## - SUBJECT ADDED ENTRY--TOPICAL TERM
Topical term or geographic name entry element MANAGEMENT-BUSINESS MANAGEMENT
650 ## - SUBJECT ADDED ENTRY--TOPICAL TERM
Topical term or geographic name entry element CLIENT DEMAND
650 ## - SUBJECT ADDED ENTRY--TOPICAL TERM
Topical term or geographic name entry element COMPANY MANAGEMENT
650 ## - SUBJECT ADDED ENTRY--TOPICAL TERM
Topical term or geographic name entry element CONSULTANCY
650 ## - SUBJECT ADDED ENTRY--TOPICAL TERM
Topical term or geographic name entry element EXPERT SYSTEMS
650 ## - SUBJECT ADDED ENTRY--TOPICAL TERM
Topical term or geographic name entry element MANAGEMENT
650 ## - SUBJECT ADDED ENTRY--TOPICAL TERM
Topical term or geographic name entry element MARKETING
650 ## - SUBJECT ADDED ENTRY--TOPICAL TERM
Topical term or geographic name entry element BUILT ENVIRONMENT-QUANTITY SURVEYING
690 ## - LOCAL SUBJECT ADDED ENTRY--TOPICAL TERM (OCLC, RLIN)
Topical term or geographic name as entry element Quantity surveying
9 (RLIN) 6263
942 ## - ADDED ENTRY ELEMENTS (KOHA)
Suppress in OPAC 0
948 ## - LOCAL PROCESSING INFORMATION (OCLC); SERIES PART DESIGNATOR (RLIN)
c (OCLC) 04/03/1997
Holdings
Withdrawn status Lost status Source of classification or shelving scheme Damaged status Not for loan Home library Current library Shelving location Date acquired Total Checkouts Full call number Barcode Date last seen Copy number Price effective from Koha item type
    Dewey Decimal Classification     Historic collection Historic collection RICS Boxes 23/03/1993   RICS 1987/24 30043971 06/08/2019 1 06/08/2019 Archive
    Dewey Decimal Classification     London London RICS Boxes 13/08/1991   RICS 1987/24 30017312 06/08/2019 1 06/08/2019 Reference material
    Dewey Decimal Classification     London London RICS Boxes 13/08/1991   RICS 1987/24 30017313 06/08/2019 2 06/08/2019 Reference material
    Dewey Decimal Classification     London London RICS Boxes 13/08/1991   RICS 1987/24 30017314 06/08/2019 3 06/08/2019 Reference material
    Dewey Decimal Classification     London London RICS Boxes 13/08/1991   RICS 1987/24 30017316 06/08/2019 4 06/08/2019 Reference material
    Dewey Decimal Classification     London London RICS Boxes 13/08/1991   RICS 1987/24 30017317 06/08/2019 5 06/08/2019 Reference material
    Dewey Decimal Classification     London London RICS Boxes 13/08/1991   RICS 1987/24 30017320 06/08/2019 6 06/08/2019 Reference material
    Dewey Decimal Classification     London London RICS Boxes 13/08/1991   RICS 1987/24 30017324 06/08/2019 7 06/08/2019 Reference material
    Dewey Decimal Classification     London London RICS Boxes 13/08/1991   RICS 1987/24 30017325 06/08/2019 8 06/08/2019 Reference material
    Dewey Decimal Classification     London London RICS Boxes 13/08/1991   RICS 1987/24 30017329 06/08/2019 9 06/08/2019 Reference material